BIBLIOTECA

SENCICO

Dirección de producción (Registro nro. 1548)

Detalles MARC
000 -LEADER
fixed length control field 00553nam a2200241Ia 4500
005 - DATE AND TIME OF LATEST TRANSACTION
control field 20251020182515.0
008 - FIXED-LENGTH DATA ELEMENTS--GENERAL INFORMATION
fixed length control field 200515s9999 xx 000 0 und d
020 ## - INTERNATIONAL STANDARD BOOK NUMBER
International Standard Book Number 84-7166-573-5
082 ## - DEWEY DECIMAL CLASSIFICATION NUMBER
Classification number 658.511/H22
100 ## - MAIN ENTRY--PERSONAL NAME
Personal name Harding, H. A.
245 #0 - TITLE STATEMENT
Title Dirección de producción
260 ## - PUBLICATION, DISTRIBUTION, ETC.
Place of publication, distribution, etc. Madrid
260 ## - PUBLICATION, DISTRIBUTION, ETC.
Name of publisher, distributor, etc. EDAF
260 ## - PUBLICATION, DISTRIBUTION, ETC.
Date of publication, distribution, etc. 1982
300 ## - PHYSICAL DESCRIPTION
Other physical details tbls.
490 ## - SERIES STATEMENT
Series statement Biblioteca para Dirección de Empresas
500 ## - GENERAL NOTE
General note 1 ejemplar
650 ## - SUBJECT ADDED ENTRY--TOPICAL TERM
Topical term or geographic name entry element CONTROL
650 ## - SUBJECT ADDED ENTRY--TOPICAL TERM
Topical term or geographic name entry element DIRECCION
650 ## - SUBJECT ADDED ENTRY--TOPICAL TERM
Topical term or geographic name entry element PRODUCCION
942 ## - ADDED ENTRY ELEMENTS (KOHA)
Koha item type Libros
Existencias
Fecha de la última vez que lo usaron Pago total Signatura topográfica completa Código de barras Precio efectivo desde Tipo de documento Estado perdido Estado dañado No es para préstamo Retirado Ubicación permanente Ubicación actual Fecha de adquisición
15/05/2020   658.511/H22 Bib-Lima15051548 15/05/2020 Libros         Biblioteca Central Lima Biblioteca Central Lima 15/05/2020